| 000 | 00349nam a2200121Ia 4500 | ||
|---|---|---|---|
| 008 | 230907s9999||||xx |||||||||||||| ||und|| | ||
| 082 | _a629.260288,DUF | ||
| 100 |
_aDuffy, James E. _934777 |
||
| 245 | 0 | _aI-CAR professional automotive collision repair | |
| 260 |
_aDelmar Thomson Learning, _bAlbany : _c2001 |
||
| 300 | _axiv, 674 p. : | ||
| 942 | _cBK | ||
| 999 |
_c597990 _d597990 |
||